| 000 | 01126nam a2200289 a 4500 | ||
|---|---|---|---|
| 003 | DO-SdBNP | ||
| 005 | 20220422121228.0 | ||
| 007 | ta | ||
| 008 | 220422e2016 dr ao||gr|||| 00| 0dspa d | ||
| 020 | _a9789945481754 | ||
| 040 |
_aDO-SdBNP _bspa _cBNPHU |
||
| 082 | 4 |
_222 _bS718h |
|
| 100 | 1 |
_955167 _aSoto Tejeda, Marcos, _d1939- |
|
| 245 | 1 | 0 |
_aHistoria de la Liga Deportiva Interbancaria del Distrito Nacional (1966-1998). / _cMarcos Soto Tejeda; Ilustraciones y fotos, Dagoberto Flete y Joselito Rodríguez. |
| 260 |
_aSanto Domingo : _bCentenario, _c2016 |
||
| 300 |
_a239 p. : _bil., fotogr. _c22 cm. |
||
| 500 | _aIncluye datos biográficos del autor. | ||
| 590 | _aInventariado 2022 / MF | ||
| 610 | 4 |
_957681 _aLiga Deportiva Interbancaria del Distrito Nacional _xDeportes |
|
| 650 | 4 |
_926839 _aSoftbol _xHistoria _zRepública Dominicana |
|
| 650 | 4 |
_918281 _aDeportes _xHistoria _zRepública Dominicana |
|
| 700 | 1 |
_980105 _aFlete, Dagoberto Antonio, _d1952- _eil. |
|
| 700 | 1 |
_aRodríguez. Joselito, _eil. _981488 |
|
| 710 | 1 |
_97760 _aBanco Popular de la República Dominicana |
|
| 910 | _aMFeliz | ||
| 942 |
_2ddc _cLBS1 |
||
| 999 |
_c51562 _d51562 |
||